Регионална библиотека "Любен Каравелов" - Русе

Наръчник по рентгенолотгия, радиология и радиобиология (Запис номер 57190)

MARC детайли
000 -Лидер
Контролно поле с фиксирана дължина 01678nam a2200349 c 4500
003 - Код на организацията, давaща контролен номер
Контролно поле BLK
005 - Дата и час на последна редакция
Контролно поле 20180422102052.0
008 - Елементи от данни с фиксирана дължина
fixed length control field 180408b bul|||||r ||||||| ||bul||
010 ## - Наследен системен номер
LC control number KNG00061184000
040 ## - Източник на каталожния запис
Идентификатор на билиотеката - собственик на записа BLK
041 ## - Код за език
Код за езика на текст/звукозапис или на отделно заглавие Български
Код за езика КДБФ Български
080 ## - УДК
Текстов определител УДК Рентгенодиагностика. Радиография
УДК код - определител по УДК 616-073.75
УДК определител (035)
УДК - код + определител 616-073.75(035)
080 ## - УДК
Текстов определител УДК Радиотерапия (Лечение с лъчиста енергия). Радиология (учение за радиоактивни вещества)
УДК код - определител по УДК 615.849
УДК определител (035)
УДК - код + определител 615.849(035)
100 1# - Редна дума - Автор
Автор Андреев, Емил Андреев
Авторска отговорност първи автор
R(LIN) 277662
139 ## - Редно поле
Редна дума Наръчник по рентгенолотгия, радиология и радиобиология
Авторски знак
245 10 - Сведения за заглавието
Заглавие Наръчник по рентгенолотгия, радиология и радиобиология
Редно поле (дума) Емил Андреев Андреев; ред. Иван Николов; ред. Иван Делов.
257 ## - Страна на издаване
Страна на създаване/издаване България
260 ## - Област на издателските данни
-- София
Име на издателя, разпространителя и проч. Медицина и физкултура
Година на издаване 1984
Печатница Пловдив : Д. Благоев
300 ## - Физическа характеристика
Страници 355 с.
Размери/Мащаб 22 см
380 ## - Жанр
Жанр Медицина
500 ## - Общи забележки
Забележка Предм. показалец
650 #4 - Допълнително описание по предмет – тема
Основно описание – тема или топоним Рентгенология - учебници за ВУЗ
9 (RLIN) 246794
650 #4 - Допълнително описание по предмет – тема
Основно описание – тема или топоним Радиобиология
9 (RLIN) 168722
650 #4 - Допълнително описание по предмет – тема
Основно описание – тема или топоним Радиология
9 (RLIN) 168754
700 1# - Други автори (авторска отговорност)
Лично име Николов, Иван
Автороска отговорност (Описва отношението между автора и произведението) ред.
Друга информация Иванов, Иван Николов
9 (RLIN) 364850
700 1# - Други автори (авторска отговорност)
Лично име Делов, Иван
Автороска отговорност (Описва отношението между автора и произведението) ред.
9 (RLIN) 287407
852 ## - Местоположение
Форматна сигнатура Цб 127595
856 4# - Електронен адрес и достъп
Електронен формат pdf - файл
Път до файла /url/
856 4# - Електронен адрес и достъп
Електронен формат pdf - файл
Път до файла /url/
942 ## - АРТИКУЛИ
Вид на библиотечния материал Книги
Скрит в OPAC Не
944 ## - СЪЗДАВАНЕ И РЕДАКЦИЯ на ЗАПИСА
Създаване/Редакция Създаване
Дата на регистрацията/редакция 13.06.2004
Служител, извършил регистрацията/редакцията Читалня
944 ## - СЪЗДАВАНЕ И РЕДАКЦИЯ на ЗАПИСА
Създаване/Редакция Редакция
Дата на регистрацията/редакция 28.08.2015
Служител, извършил регистрацията/редакцията Геновева_Генчева
999 ## - СИСТЕМНИ КОНТРОЛНИ НОМЕРА
Koha biblionumber 57190
Koha biblioitemnumber 57190
Наличности
Код за отписване Код за изгубен артикул Източник на класификационната схема Код за повреда Коз за рестрикции Код за отдаване Артикулен № Име на библиотеката - собственик Име на библиотеката, в която се намира в момента Статус (Текущо местоположение) Дата на вписване в системата Местоположение - отдел Цена в лева Инвентарен номер Систематично азбучна сигнатура Баркод Номер на екземпляра Цена в евро Служебна бележка Служебен тип на артикула
Изтеглен Не е изгубен Universal Decimal Classification Не е повреден без рестрикции ползва се в читалня 92174 Регионална библиотека "Любен Каравелов" Русе Регионална библиотека "Любен Каравелов" Русе Читалня 1993-01-01 Читалня 3.81 410808 Ч 616/Н 26 410808 1 1.95 Дата инв: 17.03.2017 Бележки инв: Ч2017 Книги
Изтеглен Не е изгубен Universal Decimal Classification Не е повреден без рестрикции заемане за дома 92175 Регионална библиотека "Любен Каравелов" Русе Регионална библиотека "Любен Каравелов" Русе Заемна - подръчен фонд 1984-01-01 Заемна - подръчен фонд 0.00 410806 П 616/Н26 410806 2 0.00 Дост: Pk Вид: Ф N: стар фонд Дата: 01.01.1984 Книги
Изтеглен Не е изгубен Universal Decimal Classification Не е повреден без рестрикции заемане за дома 92176 Регионална библиотека "Любен Каравелов" Русе Регионална библиотека "Любен Каравелов" Русе Заемна - подръчен фонд 1984-01-01 Заемна - подръчен фонд 3.81 410807 П 616/Н26 410807 3 1.95 Дост: Pk Вид: Ф N: стар фонд Дата: 01.01.1984 Книги
  Не е изгубен Universal Decimal Classification Не е повреден без рестрикции ползва се в читалня 92177 Регионална библиотека "Любен Каравелов" Русе Регионална библиотека "Любен Каравелов" Русе Хранилище 1984-01-01 Хранилище 3.81 408354 Цб 127595 900000012990 4 1.95 Дост: Dp Вид: Д N: стар фонд Дата: 01.01.1984 Книги
Vip Innovations Ltd, Rousse, Bulgaria 2025